00542nam a2200193Ia 4500003000500000008004100005020001800046040001900064082000700083100002300090245002000113260002600133300001000159365000800169546001200177942001600189999001700205952012600222STCL221019s9999 xx 000 0 und d a9781472154910 aSTCLcSTCLbEN 222 aNguyen, Viet Thanh 4aThe sympathizer bCorsairaLondonc2016 a499 p b640 aEnglish cBK2DDCe22 c88354d88354 00102DDC4070aSTCALbSTCALcGENd0000-00-00l8m4o813.6 NAG-Sp97222r2026-02-28 12:02:05s2026-01-16w2022-10-19yBK